| 000 | 00780cam a2200229u 4500 | ||
|---|---|---|---|
| 999 |
_c23523 _d23523 |
||
| 001 | 8460063 | ||
| 003 | BDDh-ASL | ||
| 005 | 20231015030243.0 | ||
| 008 | 821208s1963 xx ab 000 0 eng | ||
| 010 | _asa 65006827 | ||
| 040 |
_aDLC _cCarP _dDLC _dBDDh-ASL |
||
| 043 | _aa-pk--- | ||
| 050 | 0 | 0 |
_aDS485.B43 _bK5 |
| 082 |
_a930.1095 _bKHM |
||
| 100 | 1 | _aKhan, F. A. [from old catalog] | |
| 245 | 1 | 0 |
_aMainamati : _ba preliminary report on the recent archaeological excavations in East Pakistan / |
| 260 |
_a[Dacca?] _bDept. of Archaeology, Ministry of Education & Information, Govt. of Pakistan, _c[1963] |
||
| 300 |
_a36 p. : _billus., col. maps. _c25 cm. |
||
| 651 | 0 |
_aBangladesh _xAntiquities. |
|
| 906 |
_a0 _bcbc _cpremunv _du _encip _f19 _gy-gencatlg |
||
| 942 |
_2ddc _cBK |
||